| 000 | 01229nam a22003857a 4500 | ||
|---|---|---|---|
| 001 | 0030276 | ||
| 003 | KOHA_MİRAKIL | ||
| 005 | 20260207002724.0 | ||
| 007 | ta | ||
| 008 | 110606b1990 tu |||gr||||#0|||1|tur | | ||
| 020 |
_a9754560404 _c0,01 |
||
| 040 |
_aTR-BiSEU _btur _cTR-BiSEU _erda |
||
| 041 | 0 | _atur | |
| 044 | _ctu | ||
| 050 |
_aPL232 _b.E43 1990 |
||
| 100 | 1 | _aElçin, Şükrü. | |
| 245 | 1 |
_aYurt duyguları : _b(antoloji)/ _cŞükrü Elçin ; Şükrü Elçin. |
|
| 264 | 1 |
_aAnkara : _bTürk Kültürünü Araştırma Enstitüsü yayınları _c1990 |
|
| 300 |
_a174 s. ; _c25 cm. |
||
| 336 |
_ametin _btxt _2rdacontent |
||
| 337 |
_aaracısız _bn _2rdamedia |
||
| 338 |
_acilt _bnc _2rdacarrier |
||
| 490 | 1 |
_aTürk Kültürünü Araştırma Enstitüsü yayınları ; _v114. |
|
| 490 | 1 | _aSeri: IV. | |
| 490 | 1 | _aSayı: A.31 | |
| 650 | 0 |
_aTurkish literature--Anthologies. _93911 |
|
| 650 | 0 |
_aTurkish poetry. _93912 |
|
| 650 | 0 |
_aTürk edebiyatı--Antolojiler. _93913 |
|
| 650 | 0 |
_aTürk şiiri. _93914 |
|
| 830 | 1 |
_aTürk Kültürünü Araştırma Enstitüsü yayınları ; _v114. _96620 |
|
| 830 | 1 |
_aSeri: IV. _959677 |
|
| 830 | 1 |
_aSayı: A.31 _959678 |
|
| 907 | _aAntoloji | ||
| 942 |
_2lcc _cBK |
||
| 999 |
_c30196 _d30196 |
||